8 Countries That Border Austria Quiz Stats

Quiz Updated Jul 14, 2016

Challenge
Share
Tweet
Embed
Score 0/8 Timer 01:30
3 Plays Today
% Correct
Germany
96.4%
Switzerland
87.7%
Hungary
84.8%
Czechia
84.3%
Italy
82.9%
Liechtenstein
76.2%
Slovakia
70.5%
Slovenia
66%

You're not logged in!

Compare scores with friends on all Sporcle quizzes.
Sign Up with Email
OR
Log In

You Might Also Like...

Show Comments

Extras

Top Quizzes Today


Score Distribution

Your Account Isn't Verified!

In order to create a playlist on Sporcle, you need to verify the email address you used during registration. Go to your Sporcle Settings to finish the process.